[Event "7th C. Schlechter Memorial"]
[Site "Vienna, AUSTRIA"]
[Date "1996.10.31"]
[Round "6"]
[White "Sandhu, M."]
[Black "Alvir, A."]
[Result "1/2-1/2"]
[WhiteElo "2130"]
[BlackElo "2355"]
[PlyCount "169"]

1. e4 g6 2. d4 Bg7 3. Be3 c5 4. c3 Qb6 5. Qd2 cxd4 6. Bxd4 Bxd4 7. Qxd4 Qxd4 8.
cxd4 Nc6 9. Ne2 d6 10. Nbc3 Nf6 11. f3 O-O 12. O-O-O Bd7 13. Nf4 Rfc8 14. Kb1
Kf8 15. Nfd5 Ne8 16. Bb5 Nb8 17. Bxd7 Nxd7 18. Rc1 e6 19. Ne3 Ke7 20. f4 a6 21.
e5 f6 22. exf6+ Nexf6 23. Rhe1 Kf7 24. Rc2 b5 25. Rce2 Nb6 26. Nc2 Re8 27. g3
d5 28. Nb4 Nc4 29. Nd3 Nd7 30. Ne5+ Ncxe5 31. fxe5 Ke7 32. Rf2 Rf8 33. Ref1
Rxf2 34. Rxf2 Rc8 35. Ne2 Nb8 36. b3 Nc6 37. a3 b4 38. a4 g5 39. h3 Rg8 40. Kc2
Rg6 41. Kd3 Rh6 42. Ng1 Na5 43. Kc2 Ke8 44. Rf1 Nc6 45. Kd3 Ne7 46. Rc1 Kd7 47.
Rf1 Nf5 48. g4 Ne7 49. Ke3 a5 50. Rf8 Rh4 51. Ra8 Nc6 52. Rg8 h6 53. Rg7+ Ke8
54. Rc7 Ne7 55. Ra7 h5 56. Ra8+ Kd7 57. Rh8 hxg4 58. Rxh4 Nf5+ 59. Kd3 gxh4 60.
hxg4 Nh6 61. Nf3 h3 62. Nh2 Nf7 63. Ke3 Ng5 64. Nf3 Ne4 65. Ke2 Ke7 66. Kf1 Kf7
67. Kg1 Kg6 68. Kh2 Nf2 69. Kg3 Nd3 70. Kxh3 Nc1 71. Nd2 Kg5 72. Nf3+ Kf4 73.
g5 Kf5 74. Kh4 Kg6 75. Nd2 Nd3 76. Nf3 Nf2 77. Nd2 Nd1 78. Nf1 Nb2 79. Nd2 Nd3
80. Nf3 Nf4 81. Kg4 Ne2 82. Kh4 Nc3 83. Nd2 Nd1 84. Nf1 Nc3 85. Nd2 1/2-1/2

[Event "7th C. Schlechter Memorial"]
[Site "Vienna, AUSTRIA"]
[Date "1996.10.31"]
[Round "6"]
[White "Penz, H."]
[Black "Meszaros, G."]
[Result "1-0"]
[WhiteElo "2340"]
[BlackElo "2300"]
[PlyCount "65"]

1. e4 e6 2. d4 d5 3. Nd2 Nf6 4. e5 Nfd7 5. Bd3 c5 6. c3 Nc6 7. Ne2 cxd4 8. cxd4
f6 9. Nf4 Nxd4 10. Qh5+ Ke7 11. Ng6+ hxg6 12. exf6+ Nxf6 13. Qxh8 Kf7 14. f4
Bd7 15. O-O Rc8 $N 16. Kh1 Qa5 17. Nf3 Nxf3 18. Rxf3 Ne4 19. Be3 Ba3 20. Qh7
Bxb2 21. Raf1 Bb5 22. f5 gxf5 23. Rxf5+ Nf6 $2 24. Rxf6+ Bxf6 25. Rxf6+ Kxf6
26. Bg5+ Ke5 27. Qxg7+ Kd6 28. Qe7+ Kc6 29. Qxe6+ Kc7 30. Bf4+ Kd8 31. Qf6+ Ke8
32. Bg6+ Kd7 33. Qd6# 1-0

[Event "7th C. Schlechter Memorial"]
[Site "Vienna, AUSTRIA"]
[Date "1996.10.31"]
[Round "6"]
[White "Blatny, F."]
[Black "Denk, A."]
[Result "1-0"]
[WhiteElo "2325"]
[BlackElo "2255"]
[PlyCount "65"]

1. e4 c5 2. Nc3 e6 3. Nge2 Nc6 4. d3 Nge7 5. g3 Nd4 6. Bg2 Nec6 7. O-O Be7 8.
Be3 O-O 9. Qd2 Rb8 10. f4 b5 11. Nd1 b4 12. c3 bxc3 13. bxc3 Nxe2+ 14. Qxe2 Qa5
15. e5 Qa6 16. Nf2 c4 17. d4 Qa3 18. Rac1 Ba6 19. Rc2 Rb5 20. g4 Rfb8 21. Be4
Rb1 22. g5 Bf8 23. Ng4 Ne7 24. Bc1 Qa5 25. Ne3 Qa4 26. Qd2 Ra1 27. f5 exf5 28.
Nxf5 Nxf5 29. Bxf5 g6 30. Be4 Re8 {} 31. Bd5 Re7 32. Qf2 Bg7 33. Bxf7+ 1-0

[Event "7th C. Schlechter Memorial"]
[Site "Vienna, AUSTRIA"]
[Date "1996.10.31"]
[Round "6"]
[White "Spindelboeck, G."]
[Black "Dueckstein, A."]
[Result "1-0"]
[WhiteElo "2260"]
[BlackElo "2350"]
[PlyCount "83"]

1. d4 Nf6 2. c4 e6 3. g3 d5 4. Bg2 Nc6 5. Nf3 dxc4 6. O-O Rb8 7. Nc3 Be7 8. e4
O-O 9. Be3 a6 10. h3 b5 11. a3 Bb7 12. Qc2 b4 13. Ne2 Na5 14. Ne5 c5 15. axb4
cxb4 16. Rfd1 Qc7 17. g4 Nb3 18. Rab1 Rbc8 19. Ng3 Nd7 20. Nf3 a5 21. d5 a4 22.
Nd4 Nxd4 23. Bxd4 e5 24. Nf5 Bf6 25. Be3 c3 26. g5 Bd8 27. bxc3 b3 28. Qe2 Qa5
29. Qg4 Nc5 30. Qg3 f6 31. g6 Rc7 32. gxh7+ Kh8 33. Qg6 Bc8 34. Nh4 f5 35. Nxf5
Bxf5 36. exf5 Bf6 {} 37. d6 Rb7 38. Bxc5 Qxc5 39. Bxb7 Qxc3 40. d7 a3 41. Rbc1
Qb4 42. Rc8 1-0

[Event "7th C. Schlechter Memorial"]
[Site "Vienna, AUSTRIA"]
[Date "1996.10.31"]
[Round "6"]
[White "Palkovi, J."]
[Black "Kummer, H."]
[Result "1-0"]
[WhiteElo "2460"]
[BlackElo "2300"]
[PlyCount "51"]

1. e4 g6 2. d4 Bg7 3. Nc3 c6 4. h3 d5 5. Nf3 dxe4 6. Nxe4 Bf5 7. Ng3 Be6 8. Be2
Na6 9. O-O Nc7 10. a4 Nf6 11. c4 O-O 12. b3 Nd7 13. Bb2 f6 14. Qd2 Bf7 15. Rad1
b5 16. axb5 cxb5 17. d5 Nc5 18. Qe3 Nb7 19. Nd4 bxc4 20. bxc4 Re8 21. Nc6 Qd7
22. Bg4 e6 {} 23. dxe6 Qxc6 24. exf7+ Kxf7 25. Bf3 Qa4 26. Qa3 1-0

[Event "7th C. Schlechter Memorial"]
[Site "Vienna, AUSTRIA"]
[Date "1996.10.31"]
[Round "6"]
[White "Schumi, M."]
[Black "Danner, G."]
[Result "1/2-1/2"]
[WhiteElo "2220"]
[BlackElo "2375"]
[PlyCount "68"]

1. e4 c5 2. Nf3 d6 3. d4 cxd4 4. Nxd4 Nf6 5. Nc3 a6 6. g3 e5 7. Nb3 b5 8. Bg5
Nbd7 9. a4 b4 10. Nd5 Bb7 11. Bc4 Be7 12. Bxf6 Nxf6 13. Nxf6+ Bxf6 14. Qd3 O-O
15. O-O Qc7 16. Rfd1 Rfd8 17. Nd2 a5 18. b3 Qb6 19. Bd5 Ba6 20. Nc4 Bxc4 21.
Bxc4 Be7 22. Qd5 Rf8 23. Rd3 Rac8 24. Rf3 Rc5 25. Qd3 g6 26. Rd1 Kg7 27. g4 Qc6
28. Qe3 Qc8 29. Kh1 Qxg4 30. Rg1 Qh4 31. Rf5 Kh8 32. Rf3 Kg7 33. Rf5 Kh8 34.
Rf3 Kg7 1/2-1/2

[Event "7th C. Schlechter Memorial"]
[Site "Vienna, AUSTRIA"]
[Date "1996.10.31"]
[Round "6"]
[White "Eisterer, H."]
[Black "Zoebisch, H."]
[Result "1-0"]
[WhiteElo "2340"]
[BlackElo "2245"]
[PlyCount "117"]

1. f4 d5 2. Nf3 Nf6 3. g3 g6 4. Bg2 Bg7 5. d3 O-O 6. O-O c5 7. Qe1 d4 8. Na3
Nc6 9. c4 Rb8 10. Bd2 b6 11. Rb1 a5 12. Nb5 Bb7 13. b3 Ne8 14. a3 Nd6 15. Nxd6
Qxd6 16. b4 axb4 17. axb4 Ba8 18. Ng5 e6 19. Ne4 Qe7 20. b5 Na7 21. Ra1 f5 22.
Ng5 Bxg2 23. Kxg2 Nc8 24. Nf3 Nd6 25. Ra3 Rfe8 26. Qf2 Nf7 27. Rfa1 h6 28. h4
Rb7 29. R1a2 Kh7 30. e3 dxe3 31. Qxe3 e5 32. fxe5 Nxe5 33. Nxe5 Qxe5 34. Qxe5
Bxe5 35. Ra7 Ree7 36. Rxb7 Rxb7 37. Bf4 Bf6 38. Re2 g5 39. Re6 Kg7 40. Be5 Bxe5
41. Rxe5 Kf6 42. Rd5 Ke6 43. Rd8 gxh4 44. gxh4 Rd7 45. Rh8 Rxd3 46. Rxh6+ Ke5
47. Rxb6 Rc3 48. h5 Rxc4 49. h6 Rg4+ 50. Kf3 Rg8 51. h7 Rh8 52. Rh6 c4 53. b6
c3 54. b7 Kd5 55. Ke2 f4 56. Kd3 c2 57. Kxc2 Ke4 58. Re6+ Kf3 59. Rg6 1-0

[Event "7th C. Schlechter Memorial"]
[Site "Vienna, AUSTRIA"]
[Date "1996.10.31"]
[Round "6"]
[White "Neumeier, K."]
[Black "Vodep, O."]
[Result "1-0"]
[WhiteElo "2280"]
[BlackElo "2205"]
[PlyCount "69"]

1. e4 e5 2. Nf3 Nc6 3. Nc3 Nf6 4. d4 exd4 5. Nxd4 Bb4 6. Nxc6 bxc6 7. Bd3 d5 8.
exd5 Qe7+ 9. Qe2 Qxe2+ 10. Kxe2 cxd5 11. Bf4 c6 12. Na4 O-O 13. c3 Re8+ 14. Kd2
Ne4+ 15. Bxe4 Rxe4 16. Be3 Bf8 17. b3 Ba6 18. Rhe1 Bb5 19. Nb2 Ba3 20. Nd3 Rae8
21. f3 R4e7 22. Bf2 Rxe1 23. Rxe1 Rxe1 24. Nxe1 a5 {} 25. Nc2 Bd6 26. a4 Ba6
27. Bb6 Bxh2 28. Bxa5 Bf4+ 29. Ke1 c5 30. Bb6 Bd3 31. Kd1 Bd6 32. Ne3 Kf8 33.
Kd2 Ba6 34. Nxd5 Ke8 35. Bxc5 1-0

[Event "7th C. Schlechter Memorial"]
[Site "Vienna, AUSTRIA"]
[Date "1996.10.31"]
[Round "6"]
[White "Havlicek, J."]
[Black "Holzer, G."]
[Result "0-1"]
[WhiteElo "2245"]
[BlackElo "2230"]
[PlyCount "42"]

1. e4 d6 2. d4 Nf6 3. Nc3 g6 4. f4 Bg7 5. Nf3 O-O 6. Bd3 Nc6 7. O-O Bg4 8. Be3
e5 9. d5 exf4 10. dxc6 fxe3 11. cxb7 Rb8 12. h3 Bd7 13. e5 Nh5 14. Re1 Rxb7 15.
Rxe3 Rxb2 16. Ne2 dxe5 17. g4 Nf4 18. Nxe5 Bxe5 19. Rxe5 Nxh3+ 20. Kg2 Bxg4 21.
Qc1 Qf6 0-1

[Event "7th C. Schlechter Memorial"]
[Site "Vienna, AUSTRIA"]
[Date "1996.10.31"]
[Round "6"]
[White "Weissel, G."]
[Black "Hansen, K."]
[Result "1/2-1/2"]
[WhiteElo "2095"]
[BlackElo "2070"]
[PlyCount "113"]

1. d4 Nf6 2. c4 e5 3. dxe5 Ng4 4. Bf4 Nc6 5. Nf3 Bb4+ 6. Nbd2 Qe7 7. e3 Ngxe5
8. Nxe5 Nxe5 9. Be2 b6 10. O-O Bb7 11. Nf3 Bxf3 12. Bxf3 Rd8 13. Qd5 Nxf3+ 14.
Qxf3 Bd6 15. Bxd6 Qxd6 16. Rfd1 Qc6 17. Qxc6 dxc6 18. Rxd8+ Kxd8 19. Rd1+ Ke7
20. Kf1 h5 21. Ke2 Rh6 22. b4 Rg6 23. g3 h4 24. Rd3 hxg3 25. hxg3 Rg4 26. Rd4
Rg5 27. a3 a5 28. Re4+ Kf8 29. Kf3 axb4 30. axb4 Rf5+ 31. Ke2 Rf6 32. Rh4 Ke7
33. Rg4 Kf8 34. f4 Rd6 35. Rh4 Ke7 36. Rh7 g6 37. Rh8 Kd7 38. g4 Ke7 39. g5 Kd7
40. Rh1 Ke6 41. Rh8 Kd7 42. Ra8 Ke7 43. Ra7 Kd7 44. Ra3 Ke7 45. Rd3 f6 46.
gxf6+ Rxf6 47. Rd1 Rf7 48. Rg1 Kf6 49. Rc1 Rh7 50. c5 b5 51. Ra1 Re7 52. Kf3 g5
53. Rh1 gxf4 54. Kxf4 Ke6 55. e4 Rf7+ 56. Ke3 Rg7 57. Rh6+ 1/2-1/2

[Event "7th C. Schlechter Memorial"]
[Site "Vienna, AUSTRIA"]
[Date "1996.10.31"]
[Round "6"]
[White "Kuthan, A."]
[Black "Stanka, W."]
[Result "1-0"]
[WhiteElo "2225"]
[BlackElo "2220"]
[PlyCount "63"]

1. e4 c6 2. d4 d5 3. exd5 cxd5 4. c4 Nf6 5. Nc3 e6 6. Nf3 Be7 7. Bd3 O-O 8. O-O
Nc6 9. Bg5 h6 10. Bh4 dxc4 11. Bxc4 g5 12. Bg3 Nd5 13. Ne5 Nxe5 14. Bxe5 f6 15.
Bg3 f5 16. Be5 Nxc3 17. bxc3 b5 18. Bxb5 Qd5 19. c4 Qd8 20. Bc6 Bd7 21. Bxa8
Qxa8 22. d5 Kh7 23. Rb1 Bc5 24. Bd4 Bd6 {} 25. c5 Qxd5 26. cxd6 Bc6 27. Qf3
Qxd6 28. Rb7+ Bxb7 29. Qxb7+ Kg6 30. Qxa7 Rf7 31. Qc5 Qf4 32. Qe5 1-0

[Event "7th C. Schlechter Memorial"]
[Site "Vienna, AUSTRIA"]
[Date "1996.10.31"]
[Round "6"]
[White "Koller, H."]
[Black "Zetthofer, G."]
[Result "1/2-1/2"]
[WhiteElo "2205"]
[BlackElo "2215"]
[PlyCount "57"]

1. c4 e6 2. Nc3 d5 3. cxd5 exd5 4. d4 Nf6 5. Nf3 c6 6. Bg5 h6 7. Bh4 Be7 8. e3
Bf5 9. Bd3 Bxd3 10. Qxd3 O-O 11. Ne5 Nbd7 12. Nxd7 Nxd7 13. Bxe7 Qxe7 14. O-O
f5 15. Ne2 Rae8 16. a4 g5 17. g3 Rf7 18. a5 Qe4 19. Qxe4 fxe4 20. Kg2 Nf6 21.
h3 Re6 22. b4 Ne8 23. Rh1 Ref6 24. Rhf1 Nd6 25. g4 h5 26. Ra2 Nc4 27. Ng3 h4
28. Nf5 Nd6 29. Nxd6 1/2-1/2

[Event "7th C. Schlechter Memorial"]
[Site "Vienna, AUSTRIA"]
[Date "1996.10.31"]
[Round "6"]
[White "Prager, M."]
[Black "Hangweyrer, R."]
[Result "1/2-1/2"]
[WhiteElo "2165"]
[BlackElo "2205"]
[PlyCount "102"]

1. e4 e6 2. d4 d5 3. exd5 exd5 4. Bd3 Bd6 5. Qf3 c6 6. Bf4 Nf6 7. h3 O-O 8. Ne2
b6 9. Nd2 Ba6 10. Bxd6 Qxd6 11. O-O Bxd3 12. Qxd3 Nbd7 13. Rfe1 c5 14. c3 Rfe8
15. Ng3 c4 16. Qf5 Rxe1+ 17. Rxe1 Re8 18. Rxe8+ Nxe8 19. Nf3 Qe6 20. Kf1 Nd6
21. Qxe6 fxe6 22. Ke2 Kf7 23. Ke3 h6 24. Nd2 b5 25. f4 a5 26. Nf3 b4 27. Ne5+
Nxe5 28. dxe5 Nb5 29. Ne2 bxc3 30. bxc3 a4 31. Kd2 g5 32. fxg5 hxg5 33. Nd4 Nc7
34. g3 Na6 35. Ke3 Nc5 36. Ne2 Nd3 37. Kd4 a3 38. Ke3 Nxe5 39. Nd4 Nd3 40. Nc2
e5 41. Nxa3 Nc1 42. Nb5 Nxa2 43. Kd2 Ke6 44. Kc2 d4 45. cxd4 e4 46. Nc3 Nb4+
47. Kd2 Kf5 48. h4 gxh4 49. gxh4 Kf4 50. h5 e3+ 51. Ke2 Kg5 1/2-1/2

[Event "7th C. Schlechter Memorial"]
[Site "Vienna, AUSTRIA"]
[Date "1996.11.01"]
[Round "7"]
[White "Balinov, I."]
[Black "Popovic, P."]
[Result "1/2-1/2"]
[WhiteElo "2385"]
[BlackElo "2575"]
[PlyCount "91"]

1. e4 c5 2. Nf3 d6 3. d4 cxd4 4. Nxd4 Nf6 5. Nc3 Nc6 6. Be2 e5 7. Nf3 h6 8. O-O
Be7 9. Re1 Be6 10. Bf1 Rc8 11. Nd5 Bg4 12. c3 O-O 13. h3 Bh5 14. Nxf6+ Bxf6 15.
Be2 Bg6 16. Bc4 Kh8 17. Nh2 Bh4 18. g3 Be7 19. g4 Qd7 20. Nf1 Bh4 21. Qd3 Ne7
22. Ne3 Qc6 23. Bd5 Qb6 24. Re2 Bg5 25. Bb3 Bxe3 26. Bxe3 Qc6 27. f3 Rfd8 28.
Rd2 b6 29. Rad1 Qc7 30. Qe2 Nc6 31. Rd3 Na5 32. Qd2 Nc4 33. Qf2 f6 34. Bxc4
Qxc4 35. Rxd6 Rxd6 36. Rxd6 Qxa2 37. Qd2 Kh7 38. Rd7 Bf7 39. Qd6 Qb1+ 40. Kg2
Qxb2+ 41. Bf2 Qa2 42. Qe7 Kg8 43. Rxa7 Qe6 44. Bxb6 Qxe7 45. Rxe7 Rxc3 46. Rc7
1/2-1/2

[Event "7th C. Schlechter Memorial"]
[Site "Vienna, AUSTRIA"]
[Date "1996.11.01"]
[Round "7"]
[White "Weinzettl, E."]
[Black "Groszpeter, A."]
[Result "0-1"]
[WhiteElo "2365"]
[BlackElo "2545"]
[PlyCount "76"]

1. e4 c5 2. Nf3 d6 3. d4 cxd4 4. Qxd4 Bd7 5. Bg5 Nc6 6. Qd2 h6 7. Bh4 g5 8. Bg3
Bg7 9. c3 Nf6 10. Bd3 Nh5 11. Na3 Rc8 12. Nc2 Qa5 13. Nfd4 Qb6 14. Bb5 Nxd4 15.
Bxd7+ Kxd7 16. Nxd4 Bxd4 17. cxd4 Qa6 18. Rd1 f5 19. exf5 Rhf8 20. Qe2 Qa5+ 21.
Qd2 Qb5 22. Qe2 Qa5+ 23. Qd2 Rxf5 24. O-O Qxd2 25. Rxd2 Nf6 26. f3 Nd5 27. Re1
Rff8 28. h4 Rg8 29. Rde2 g4 30. Kh2 gxf3 31. gxf3 Rg7 32. Kh3 Rf8 33. Rf1 h5
34. Bh2 Rg6 35. f4 Rg4 36. Ref2 Ne3 37. Rg1 Rfg8 38. Rg3 Nf5 0-1

[Event "7th C. Schlechter Memorial"]
[Site "Vienna, AUSTRIA"]
[Date "1996.11.01"]
[Round "7"]
[White "Lau, R."]
[Black "Schroll, G."]
[Result "1/2-1/2"]
[WhiteElo "2510"]
[BlackElo "2380"]
[PlyCount "84"]

1. e4 e5 2. Nf3 Nc6 3. Bb5 Nf6 4. O-O Nxe4 5. d4 Nd6 6. Bxc6 dxc6 7. dxe5 Nf5
8. Qxd8+ Kxd8 9. Nc3 Be6 10. Ng5 Ke7 11. Rd1 h6 12. Nf3 Ke8 13. h3 Bb4 14. Ne2
Bc5 15. b3 a5 16. a4 Bd5 17. Ne1 Rd8 18. Bb2 g5 $1 19. Bc3 b6 20. Rd2 Be6 21.
Rxd8+ Kxd8 22. Nd3 Be7 23. Rd1 Kc8 24. g4 Nh4 25. Nd4 Bd5 26. Ne1 Rd8 27. Nf5
Nxf5 28. gxf5 Be4 29. Rxd8+ Bxd8 $4 30. f6 Kd7 31. f3 Bf5 32. Kg2 c5 33. Kg3
Ke6 34. h4 c6 35. hxg5 hxg5 36. f4 gxf4+ 37. Kxf4 Bc7 38. Nd3 Bg6 39. Bb2 Bb8
40. Ne1 Bc7 41. Nd3 Bh7 42. Ne1 Bb8 1/2-1/2

[Event "7th C. Schlechter Memorial"]
[Site "Vienna, AUSTRIA"]
[Date "1996.11.01"]
[Round "7"]
[White "Penz, H."]
[Black "Stanec, N."]
[Result "1/2-1/2"]
[WhiteElo "2340"]
[BlackElo "2505"]
[PlyCount "96"]

1. e4 c5 2. Nf3 d6 3. c3 Nf6 4. Be2 Nbd7 5. d3 g6 6. O-O Bg7 7. Re1 b6 8. Bf1
Bb7 9. Nbd2 O-O 10. b3 e5 11. Bb2 Re8 12. Qc2 Rc8 13. g3 Nf8 14. Bg2 Ne6 15.
Nf1 b5 16. Rad1 b4 17. N1d2 bxc3 18. Bxc3 Nd4 19. Bxd4 cxd4 20. Nc4 d5 21. exd5
Nxd5 22. Qb2 Nc3 23. Rc1 Qc7 24. Nfd2 Bxg2 25. Kxg2 f5 26. Nb1 Qc6+ 27. Kg1 e4
28. Nxc3 dxc3 29. Qc2 exd3 30. Qxd3 Rcd8 31. Rxe8+ Rxe8 32. Ne3 Kh8 33. Qc4 Qb7
34. Qd5 Qa6 35. Nc4 Qf6 36. Qd7 Qe7 37. Qxe7 Rxe7 38. Ne3 Bd4 39. Rc2 Kg7 40.
Nd5 Rd7 41. Nf4 Be5 42. Kf1 Bxf4 43. gxf4 Rd3 44. Ke2 Rh3 45. Rc1 Kf6 46. Rd1
Rxh2 47. Rd6+ Ke7 48. Rd3 Rh4 1/2-1/2

[Event "7th C. Schlechter Memorial"]
[Site "Vienna, AUSTRIA"]
[Date "1996.11.01"]
[Round "7"]
[White "Roth, P."]
[Black "Kindermann, S."]
[Result "0-1"]
[WhiteElo "2295"]
[BlackElo "2530"]
[PlyCount "70"]

1. e4 e6 2. d4 d5 3. Nc3 Bb4 4. e5 c5 5. a3 Bxc3+ 6. bxc3 Ne7 7. Qg4 O-O 8. Nf3
Nbc6 9. Bd3 f5 10. exf6 Rxf6 11. Bg5 e5 12. Qg3 Rxf3 13. gxf3 c4 14. Be2 Qa5
15. Bd2 Nf5 16. Qg5 exd4 17. cxd4 c3 18. Be3 Ncxd4 19. Bxd4 Nxd4 20. Rg1 g6 21.
Qe5 Qc5 22. Qe8+ Qf8 23. Qxf8+ Kxf8 24. Kd1 Bf5 25. Rc1 Re8 26. Re1 b5 27. Bd3
Bxd3 28. Rxe8+ Kxe8 29. cxd3 c2+ 30. Ke1 a5 31. f4 b4 32. axb4 axb4 33. Kd2
Nb3+ 34. Kxc2 Nxc1 35. Kxc1 Kd7 0-1

[Event "7th C. Schlechter Memorial"]
[Site "Vienna, AUSTRIA"]
[Date "1996.11.01"]
[Round "7"]
[White "Dirr, U."]
[Black "Rotshtein, A."]
[Result "1/2-1/2"]
[WhiteElo "2260"]
[BlackElo "2475"]
[PlyCount "81"]

1. e4 c5 2. Nf3 Nc6 3. d4 cxd4 4. Nxd4 g6 5. c4 Bg7 6. Be3 Nh6 7. Nc3 O-O 8.
Be2 f5 9. exf5 Bxd4 10. Bxh6 Rxf5 11. O-O d6 12. Qd2 Qb6 13. Bd3 Rf7 14. Be4
Bd7 15. Rad1 Be5 16. Nd5 Qd8 17. Be3 Rc8 18. f4 Bg7 19. b3 b6 20. Nc3 Kh8 21.
Ne2 Qc7 22. Ng3 Bg4 23. Rde1 Qd7 24. h3 Be6 25. Bf3 Rff8 26. Kh2 Bf5 27. Nxf5
gxf5 28. Bxc6 Qxc6 29. Bd4 Rf7 30. Rf3 Rg8 31. Rg3 Qb7 32. Re6 Bxd4 33. Qxd4+
Rgg7 34. Ree3 Kg8 35. Qd5 Qxd5 36. cxd5 Rxg3 37. Kxg3 Kg7 38. Rc3 Kf6 39. Kf3
e5 40. dxe6 Kxe6 41. g4 1/2-1/2

[Event "7th C. Schlechter Memorial"]
[Site "Vienna, AUSTRIA"]
[Date "1996.11.01"]
[Round "7"]
[White "Palkovi, J."]
[Black "Blatny, F."]
[Result "1/2-1/2"]
[WhiteElo "2460"]
[BlackElo "2325"]
[PlyCount "74"]

1. e4 e5 2. Nf3 Nc6 3. Bb5 a6 4. Ba4 Nf6 5. O-O Be7 6. Re1 b5 7. Bb3 d6 8. c3
Na5 9. Bc2 c5 10. d4 Qc7 11. Nbd2 Bd7 12. d5 O-O 13. b3 Nb7 14. Rb1 Rac8 15.
Nf1 Qa5 16. Bd2 b4 17. c4 Qd8 18. h3 Ne8 19. g4 g6 20. Ng3 Ng7 21. Bh6 Ra8 22.
Qd2 f6 23. Nh2 Qe8 24. Rf1 Nd8 25. Kg2 Nf7 26. Be3 a5 27. f3 a4 28. h4 axb3 29.
axb3 Ra2 30. Ra1 Qa8 31. Rxa2 Qxa2 32. Rf2 Ra8 33. Qd1 Qa1 34. Bc1 Ra2 35. Nhf1
Qc3 36. Ne3 Qd4 37. Bd3 Rxf2+ 1/2-1/2

[Event "7th C. Schlechter Memorial"]
[Site "Vienna, AUSTRIA"]
[Date "1996.11.01"]
[Round "7"]
[White "Wittmann, W."]
[Black "Sandhu, M."]
[Result "1-0"]
[WhiteElo "2370"]
[BlackElo "2130"]
[PlyCount "95"]

1. e4 c6 2. d4 d5 3. Nd2 dxe4 4. Nxe4 Nd7 5. Ng5 Ngf6 6. Bd3 e6 7. N1f3 Bd6 8.
Qe2 h6 9. Ne4 Nxe4 10. Qxe4 Nf6 11. Qe2 Qc7 12. Bd2 b6 13. O-O-O Bb7 14. Ne5
O-O-O 15. f4 Kb8 16. Rhe1 c5 17. dxc5 Bxc5 18. Kb1 h5 19. g3 g6 20. a3 Ng4 21.
Bc3 Bd4 22. Bxd4 Rxd4 23. c3 Rdd8 24. Be4 Bxe4+ 25. Qxe4 Nxe5 26. fxe5 Rxd1+
27. Rxd1 Rd8 28. Rxd8+ Qxd8 29. Kc2 Qd7 30. c4 Qa4+ 31. Kc3 b5 32. Qd4 Qa5+ 33.
Kd3 bxc4+ 34. Kxc4 Qa4+ 35. Kc3 Qc6+ 36. Kb4 Qb7+ 37. Kc4 Qf3 38. Kc5 {} 38...
g5 39. Kd6 Qe2 40. Qb4+ Ka8 41. Qc5 Qxb2 42. Qc8+ Qb8+ 43. Qxb8+ Kxb8 44. Ke7
Kc7 45. Kxf7 Kd7 46. h3 a5 47. a4 g4 48. h4 1-0

[Event "7th C. Schlechter Memorial"]
[Site "Vienna, AUSTRIA"]
[Date "1996.11.01"]
[Round "7"]
[White "Alvir, A."]
[Black "Grabher, H."]
[Result "1-0"]
[WhiteElo "2355"]
[BlackElo "2275"]
[PlyCount "71"]

1. e4 c5 2. Nf3 e6 3. d4 cxd4 4. Nxd4 Nf6 5. Nc3 Nc6 6. Be2 Bb4 7. Bf3 d5 8.
exd5 Nxd5 9. O-O Nxc3 10. bxc3 Bxc3 11. Nxc6 bxc6 12. Ba3 Bxa1 13. Qxa1 f6 14.
Bxc6+ Bd7 15. Bxa8 Qxa8 16. Qd4 Bc6 17. Qd6 Kf7 18. Qe7+ Kg6 19. Qxe6 Re8 20.
Qg4+ Kf7 21. Rd1 Re5 22. h4 Qe8 23. Qb4 Re4 24. Qb3+ Kg6 25. Qg3+ Kf7 26. Qc7+
Kg6 27. h5+ Kxh5 {} 28. Qxg7 Re1+ 29. Rxe1 Qxe1+ 30. Kh2 Qe5+ 31. g3 Be4 32.
Bc1 Bg6 33. Qh6+ Kg4 34. Qh3+ Kf3 35. Qg2+ Kg4 36. f3+ 1-0

[Event "7th C. Schlechter Memorial"]
[Site "Vienna, AUSTRIA"]
[Date "1996.11.01"]
[Round "7"]
[White "Palos, O."]
[Black "Spindelboeck, G."]
[Result "1-0"]
[WhiteElo "2335"]
[BlackElo "2260"]
[PlyCount "127"]

1. e4 e6 2. d4 d5 3. e5 c5 4. c3 Nc6 5. Nf3 Qb6 6. a3 Nh6 7. b4 cxd4 8. cxd4
Nf5 9. Be3 f6 10. exf6 gxf6 11. Nc3 Bd6 12. Bd3 Nce7 13. O-O Bd7 14. Na4 Qd8
15. Bd2 b6 16. Re1 Kf7 17. Nc3 Rg8 18. Kh1 h5 19. Qe2 h4 20. Nd1 Qf8 21. Ne3
Qg7 22. Rg1 Nxe3 23. fxe3 f5 24. b5 Ng6 25. Bb4 Bc7 26. a4 Qf6 27. a5 bxa5 28.
Bxa5 Bd6 29. Bd2 Qe7 30. Ra5 Bc8 31. Ra4 Rb8 32. Rga1 Rb7 33. Bc1 Bb8 34. Ba3
Qc7 35. Rc1 Qd8 36. Bc5 Rg7 37. Qa2 Kg8 38. Ra1 Qc7 39. Ra6 Qd7 40. Qa3 Rc7 41.
Ra4 Rb7 42. Qc3 Qd8 43. Qb4 Kh8 44. Ra6 Rbf7 45. R6a2 Rb7 46. Rc2 Rg8 47. Rac1
Bd7 48. Qa4 Bc8 49. Bb4 Bd7 50. Qa6 Rb6 51. Qa3 Rb7 52. Ba5 Qe8 53. Rc6 Ne7 54.
Ra6 Ng6 55. Rac6 Ne7 56. Qc3 Qh5 57. Be2 Qh7 58. Rc5 Bd6 59. Qc2 Qg7 60. Rg1
Rc7 61. Rxc7 Bxc7 62. Qxc7 Nc8 63. Ne5 h3 64. g4 1-0

[Event "7th C. Schlechter Memorial"]
[Site "Vienna, AUSTRIA"]
[Date "1996.11.01"]
[Round "7"]
[White "Schwab, R."]
[Black "Eisterer, H."]
[Result "0-1"]
[WhiteElo "2265"]
[BlackElo "2340"]
[PlyCount "64"]

1. e4 c5 2. Nf3 e6 3. c3 d5 4. Bb5+ Nc6 5. exd5 Qxd5 6. O-O Nf6 7. d4 Bd7 8. c4
Qh5 9. d5 exd5 10. Re1+ Be7 11. Bg5 d4 12. Nbd2 Be6 13. Qa4 O-O 14. Bxc6 bxc6
15. Qxc6 Rfc8 16. Qb7 Bd8 17. Qa6 h6 18. Bf4 Qf5 19. Bd6 Qc2 20. Qa3 Bb6 21.
Rac1 Qg6 22. Ne5 Qf5 23. Nd3 Nd7 24. Ne4 Rc6 25. Bg3 g5 26. b4 cxb4 27. Qxb4
Rac8 28. c5 Nxc5 29. Ndxc5 Bxc5 30. Qb7 d3 31. Rcd1 Bb6 32. h4 Bd5 0-1

[Event "7th C. Schlechter Memorial"]
[Site "Vienna, AUSTRIA"]
[Date "1996.11.01"]
[Round "7"]
[White "Schumi, M."]
[Black "Neumeier, K."]
[Result "1/2-1/2"]
[WhiteElo "2245"]
[BlackElo "2280"]
[PlyCount "50"]

1. e4 c5 2. Nf3 d6 3. d4 cxd4 4. Nxd4 Nf6 5. Nc3 g6 6. Bc4 Bg7 7. O-O Nc6 8. h3
Nxd4 9. Qxd4 O-O 10. Qd3 Bd7 11. Be3 Bc6 12. Bd4 e5 13. Be3 Nxe4 14. Nxe4 d5
15. Bc5 dxc4 16. Qxc4 Re8 17. Rad1 Qh4 18. f3 a6 19. Rfe1 Rad8 20. Bf2 Qf4 21.
Bg3 Rxd1 22. Rxd1 Qe3+ 23. Bf2 Qf4 24. Bg3 Qe3+ 25. Bf2 Qf4 1/2-1/2

[Event "7th C. Schlechter Memorial"]
[Site "Vienna, AUSTRIA"]
[Date "1996.11.01"]
[Round "7"]
[White "Danner, G."]
[Black "Groetz, H."]
[Result "1/2-1/2"]
[WhiteElo "2375"]
[BlackElo "2280"]
[PlyCount "154"]

1. d4 Nf6 2. Nf3 g6 3. c4 c5 4. d5 b5 5. cxb5 a6 6. bxa6 Bxa6 7. Nc3 d6 8. e4
Bxf1 9. Kxf1 Bg7 10. g3 O-O 11. Kg2 Nbd7 12. Re1 Qa5 13. Bg5 Rfb8 14. Re2 h6
15. Bxf6 Bxf6 16. Rc1 Ra7 17. Qd3 Qb4 18. Rcc2 h5 19. h3 Bg7 20. b3 Nb6 21. Nb5
Ra5 22. a4 c4 23. bxc4 Rxa4 24. Nfd4 Nxc4 25. Nc6 Ne5 26. Nxb4 Nxd3 27. Nxd3
Rxb5 28. g4 Ra3 29. Ne1 hxg4 30. hxg4 Bf6 31. Ra2 Rxa2 32. Rxa2 Rb4 33. Kf3
Rb3+ 34. Ke2 Rb1 35. Ra4 Rb2+ 36. Kf3 Rb3+ 37. Kg2 Rc3 38. Nf3 Rb3 39. g5 Bb2
40. Ra8+ Kg7 41. Re8 Rb7 42. Kg3 Bc3 43. Nh2 Bd2 44. Nf3 Bc3 45. Rc8 Bb2 46.
Nd2 Be5+ 47. f4 Bd4 48. Rc4 Be3 49. Nf3 Ra7 50. Rc3 Bb6 51. Rb3 Bc5 52. f5 gxf5
53. exf5 Ra4 54. Rb7 Re4 55. Nh2 Re5 56. Kg4 Bf2 57. Rxe7 Rxe7 58. f6+ Kf8 59.
fxe7+ Kxe7 60. Kh5 Be3 61. Ng4 Bc1 62. Nf6 Bb2 63. Ne4 Bc1 64. Kg4 Kd7 65. Kf5
Ke7 66. Ng3 Bb2 67. Nh5 Bc3 68. g6 fxg6+ 69. Kxg6 Be5 70. Ng7 Kf8 71. Nf5 Ke8
72. Ne3 Ke7 73. Nc4 Bd4 74. Na5 Bb2 75. Nc6+ Ke8 76. Kf5 Kd7 77. Na5 Ke7
1/2-1/2

[Event "7th C. Schlechter Memorial"]
[Site "Vienna, AUSTRIA"]
[Date "1996.11.01"]
[Round "7"]
[White "Denk, A."]
[Black "Schuh, F."]
[Result "1-0"]
[WhiteElo "2255"]
[BlackElo "2285"]
[PlyCount "83"]

1. c4 Nf6 2. Nc3 e5 3. g3 Bb4 4. Bg2 O-O 5. d3 Re8 6. e4 c6 7. Nge2 d5 8. exd5
cxd5 9. O-O d4 10. Nd5 Nxd5 11. Bxd5 Nc6 12. Bd2 Bxd2 13. Qxd2 Bh3 14. Rfe1 Qf6
15. Bg2 Bxg2 16. Kxg2 Qf5 17. f3 Qg6 18. Ng1 Re6 19. Re2 Rae8 20. Rae1 f5 21.
Nh3 {} 21... Qh5 22. Nf4 Qf7 23. Nxe6 Rxe6 24. f4 e4 25. dxe4 fxe4 26. Rxe4
Rxe4 27. Rxe4 Qxc4 28. b3 Qd5 29. Qd3 b5 30. Qf3 Qd7 31. Re2 g6 32. Qe4 Kf7 33.
Rd2 a6 34. h3 h5 35. Qf3 Ne7 36. g4 hxg4 37. hxg4 Kf6 38. Kg3 Qd6 39. Qe4 Nc6
40. Rc2 Nb4 41. g5+ Kf7 42. Qb7+ 1-0